Jensen Ackles TV Roles Quiz Stats

 Plays Quiz not verified by Sporcle

Score 0/12 Timer 05:00
0 Plays Today
Year(s) Tv Show % Correct
2005-2016Supernatural
100%
2004-2005Smallville
54.8%
1998-2000Days of Our Lives
48.4%
2001-2002Dark Angel
38.7%
2002-2003Dawson's Creek
29%
2001Blonde
22.6%
1995Wishbone
16.1%
2011Supernatural: The Animation
16.1%
1996Sweet Valley High
12.9%
2003-2004Still Life
9.7%
1996-1997Mr. Rhodes
6.5%
1997Cybill
6.5%

You're not logged in!

Compare scores with friends on all Sporcle quizzes.
OR
Log In

Sporcle TV

Today on Sporcle TV


Watch our educational content, quiz creation guides, and fun videos on Sporcle TV.

Show Comments

Extras

Created Aug 9, 2016ReportNominate
Tags:Role Quiz, Show Quiz, character

Top Quizzes Today


Score Distribution

Your Account Isn't Verified!

In order to create a playlist on Sporcle, you need to verify the email address you used during registration. Go to your Sporcle Settings to finish the process.

Report this User

Report this user for behavior that violates our Community Guidelines.

Details: